| 000 | 00819nam a2200229Ii 4500 | ||
|---|---|---|---|
| 003 | JO-AjNU | ||
| 008 | 230605s9999||||xx |||||||||||||| ||und|| | ||
| 017 | _a2014/3/1278 | ||
| 020 | _a978-9957-12-632-2 | ||
| 040 |
_aJO-AjNU _bara _erda _cJO-AjNU |
||
| 041 | _aara | ||
| 050 | 1 | 4 | _aTK5105.5.T355 2015 |
| 100 | 3 |
_aالتميمي، عبد الفتاح، م.مشارك عماد محمد ابو عيد , _eauthor _962159 |
|
| 245 | 0 | 0 | _aشبكات الحاسوب والانترنت خطوة ... خطوة |
| 250 | _aط2 | ||
| 264 | 3 | 1 | _aعمان: دار اليازوري العلمية للنشر والتوزيع، 2015 |
| 300 | _a229ص | ||
| 336 |
_atext _btxt _2rdacontent |
||
| 337 |
_aunmediated _bn _2rdamedia |
||
| 338 |
_avolume _bnc _2rdacarrier |
||
| 650 | 4 |
_aشبكات حاسوب-الانترنت _962160 |
|
| 999 |
_aA28134 _c31702 _d31702 |
||